[Event "Bucaramanga Santander-ch"]
[Site "Bucaramanga"]
[Date "2022.04.10"]
[Round "6"]
[White "Gonzalez Suarez, Nelson"]
[Black "Parada Medina, Julian Fernando"]
[Result "0-1"]
[WhiteElo "1463"]
[BlackElo "1625"]
[PlyCount "74"]
[EventDate "2022.04.08"]
[EventType "swiss"]
[EventRounds "8"]
[EventCountry "COL"]
[SourceTitle "CBM 207 Extra"]
[Source "ChessBase"]
[SourceDate "2022.05.31"]
[SourceVersion "1"]
[SourceVersionDate "2022.05.31"]
[SourceQuality "1"]

1. d4 g6 2. Bf4 Bg7 3. Nf3 Nf6 4. e3 d6 5. Bd3 0-0 6. 0-0 Nc6 7. Nc3 Re8 8. Bb5 Bd7 9. Bxc6 Bxc6 10. d5 Bd7 11. Bg5 c6 12. Bxf6 Bxf6 13. dxc6 bxc6 14. Nd4 Rb8 15. Rb1 Qa5 16. Nb3 Qa6 17. a3 Bxc3 18. bxc3 Qxa3 19. Ra1 Qb2 20. Rxa7 Be6 21. Nd4 Qxc3 22. Rc7 c5 23. Nc6 Rb2 24. Nxe7+ Rxe7 25. Rxe7 d5 26. Qa1 Qxc2 27. Qa8+ Kg7 28. Re8 Rb1 29. Rg8+ Kf6 30. Qd8+ Kf5 31. g4+ Kxg4 32. Kg2 Rxf1 33. h3+ Kh5 34. Kxf1 Bxh3+ 35. Ke1 Qc1+ 36. Ke2 Bf1+ 37. Kf3 Qd1+ 0-1